Life and Culture In The Ancient Near East (Record no. 11384)

MARC details
000 -LEADER
fixed length control field 00581nam a2200229 a 4500
001 - CONTROL NUMBER
control field 0001-1384
003 - CONTROL NUMBER IDENTIFIER
control field ELIB.Books
008 - FIXED-LENGTH DATA ELEMENTS--GENERAL INFORMATION
fixed length control field 160718 2010 eng
020 ## - INTERNATIONAL STANDARD BOOK NUMBER
International Standard Book Number 1883053730
035 ## - SYSTEM CONTROL NUMBER
System control number (ELIB.Books)0001-1539
092 ## - LOCALLY ASSIGNED DEWEY CALL NUMBER (OCLC)
Classification number 939.4
Item number Ave
100 ## - MAIN ENTRY--PERSONAL NAME
Personal name Averbeck, Richard E.
245 ## - TITLE STATEMENT
Title Life and Culture In The Ancient Near East
260 ## - PUBLICATION, DISTRIBUTION, ETC. (IMPRINT)
Place of publication, distribution, etc. Bethesda: Md.
Name of publisher, distributor, etc. CDL Press
Date of publication, distribution, etc. 2003
300 ## - PHYSICAL DESCRIPTION
Extent 500
Dimensions 23.5 Cm
650 ## - SUBJECT ADDED ENTRY--TOPICAL TERM
Topical term or geographic name as entry element Civilization
856 ## - ELECTRONIC LOCATION AND ACCESS
Name of location of host KBTS Library
Uniform Resource Identifier <a href="KBTS: ELIB">KBTS: ELIB</a>
942 ## - ADDED ENTRY ELEMENTS (KOHA)
Source of classification or shelving scheme Dewey Decimal Classification
Koha item type Books
990 ## - EQUIVALENCES OR CROSS-REFERENCES [LOCAL, CANADA]
Link information for 9XX fields 1
998 ## - LOCAL CONTROL INFORMATION (RLIN)
Cataloger's initials, CIN (RLIN) bat
-- 2016-07-18
Holdings
Withdrawn status Lost status Source of classification or shelving scheme Damaged status Not for loan Home library Current library Date acquired Total Checkouts Barcode Date last seen Bill Date Koha item type
    Dewey Decimal Classification     Karen Baptist Theological Seminary Library Karen Baptist Theological Seminary Library 18/07/2016   15867 22/01/2022 22/01/2022 Books
Implemented & Customized by: BestBookBuddies

Powered by Koha